Normal view
MARC view
- Aisha Gul Hafeez
Entry Personal Name
001 - CONTROL NUMBER
- control field: 93419
003 - CONTROL NUMBER IDENTIFIER
- control field: NUST
005 - DATE AND TIME OF LATEST TRANSACTION
- control field: 20220707173803.0
008 - FIXED-LENGTH DATA ELEMENTS
- fixed length control field: 220707|| aca||aabn | a|a d
040 ## - CATALOGING SOURCE
- Original cataloging agency: NUST
- Transcribing agency: NUST
100 ## - HEADING--PERSONAL NAME
- Personal name: Aisha Gul Hafeez
670 ## - SOURCE DATA FOUND
- Source citation: Work cat.: (NUST)11306: Ammara Nasim 93418, 3D echocardiography fusion to improve image quality, leading to improved disease diagnosis, 2012
